Relación del obispado de Santiago

Guardat en:
Dades bibliogràfiques
Autor principal: Fernández Campino, José (Autor)
Format: Llibre
Idioma:espanyol
Publicat: Santiago Editorial Universitaria 1981
Col·lecció:Escritores Coloniales de Chile, 12
Matèries:
Etiquetes: Afegir etiqueta
Sense etiquetes, Sigues el primer a etiquetar aquest registre!

MARC

LEADER 00000nam a2200000 a 4500
001 UCX4834
003 CL-VaPUC
008 920731e19810000CL |||||||||||||||||spa|d
082 0 4 |a 983.03  |b FER  |2 21 
100 0 |a Fernández Campino, José  |e author  |9 321115 
245 1 0 |a Relación del obispado de Santiago 
300 |a 102 p 
942 |c BK 
945 |d 19920731 00:00:00 
260 |a Santiago  |b Editorial Universitaria  |c 1981 
600 0 7 |a IGLESIA CATOLICA, ARQUIDIOCESIS DE SANTIAGO, CHILE  |2 CL-VaPUC  |9 321116 
583 |a last modification  |c 19920731 00:00:00  |k Rodrigo Vera 
490 0 |a Escritores Coloniales de Chile, 12 
999 |c 225216  |d 225214 
952 |0 0  |1 0  |4 0  |6 983_030000000000000_FER_1981  |7 0  |8 A  |9 222568  |a BIBHIS  |b BIBHIS  |d 2019-11-15  |i 1368508  |l 1  |o 983.03 FER 1981  |p 1368508  |r 2025-01-20  |s 2023-05-24  |w 2019-11-15  |y BK  |k HIS 
952 |0 0  |1 0  |4 0  |6 983_030000000000000_FER_1981  |7 0  |8 A  |9 222569  |a BIBHIS  |b BIBHIS  |d 2019-11-15  |i 2913682  |o 983.03 FER 1981  |p 2913682  |r 2025-01-20  |w 2019-11-15  |y BK  |k HIS